Responses for Show #5343 - Wednesday, November 28, 2007

Lisa Klink game 3.

Contestants

[<< previous game]

Chris Kozey, a graduate student from Indianapolis, Indiana

Stephanie Lalonde, a survey manager from Ottawa, Ontario

Lisa Klink, a TV writer from Los Angeles, California (whose 2-day cash winnings total $32,400)

[next game >>]

Jeopardy! Round responses

CHILDREN'S AUTHORS
AN AUGUSTA PERSONALITY
POTENT QUOTABLES
THE OLD WEST
AIRPORTS
DO, RE, ETC.
    $200 1
Hans Christian Andersen

Chris
    $200 22
Tiger Woods

Chris
    $200 3
the Gipper

Lisa
    $200 21
a cowpoke

Triple Stumper
    $200 11
a runway

Chris
    $200 16
Me

Lisa
    $400 2
(Alex: That's your basic talking [*].)

pig

Triple Stumper
    $400 23
(Chris: Who is Jack Nicklaus?)
(Stephanie: Who is Sherman?)
...
(Alex: Who is [*]? In golf we often hear about "Arnie's Army"?)

Arnold Palmer

StephanieChris
Triple Stumper
    $400 4
1933

Triple Stumper
    $400 27
(Samuel) Colt

Lisa
    $400 12
Florida

Chris
    $400 17
fa

Lisa
    $600 8
Massachusetts

Chris
    $600 24
Jack Nicklaus

Chris
    $600 5
bites dog

Lisa
    $600 28
Billy the Kid

Lisa
    $1,400 13
(Chris: Who is Rockefeller?)

Fiorello LaGuardia

Chris
    $600 18
tea

Lisa
    $800 9
(Lisa: Who is Alice in Wonderland?

Thomas the Tank Engine

Lisa
Triple Stumper
    $800 25
Phil Mickelson

Chris
    $800 6
Dan Rather

Stephanie
    $800 29
cahoots

Chris
    $800 14
(Lisa: What is Gatwick?)

Heathrow

LisaChris
    $800 19
La

Lisa
    $1000 10
Margaret Wise Brown

Triple Stumper
    $1000 26
Bobby Jones

Chris
    $1000 7
surrender

Triple Stumper
    $1000 30
Robert Ford

Triple Stumper
    $1000 15
(Stephanie: What is Stockholm?)
...
(Alex: Karen Blixen was--or Isak Dinesen was Danish, so [*].)

Copenhagen

Stephanie
Triple Stumper
    $1000 20
sol

Chris

Scores at the first commercial break (after clue 13):

Lisa Stephanie Chris
$0 $800 $0

Scores at the end of the Jeopardy! Round:

Lisa Stephanie Chris
$2,200 -$600 $4,800

Double Jeopardy! Round responses

THE LBJ LIBRARY & MUSEUM
MOVIE FOLK
PLAYING POSSUM
DANCERS' NATIVE COUNTRIES
COMPUTER HISTORY
"MAC" OR "P.C."
    $400 18
(Stephanie: What is November 23, 1963?)
(Chris: What is November 17, 1963?)

November 22, 1963

StephanieChris
Triple Stumper
    $400 6
Steven Spielberg

Lisa
    $400 11
marsupials

Lisa
    $400 25
United States of America

Chris
    $400 16
vacuum tubes

Stephanie
    $400 1
the Panama Canal

Chris
    $1,400 19
Civil Rights Act

Chris
    $800 7
Hanks

Lisa
    $800 12
a pygmy possum

Chris
    $800 17
virtual reality

Chris
    $800 2
Machiavelli

Chris
    $1200 20
1969

Chris
    $3,000 8
Denzel Washington

Lisa
    $1200 13
sixteen

Stephanie
    $1200 22
PDA

Stephanie
    $1200 3
(Chris: Who is... Peter...)

Pete Carroll

Chris
Triple Stumper
    $1600 21
the War on Poverty

Stephanie
    $1600 9
Leonardo DiCaprio

Stephanie
    $1600 14
Pogo

Stephanie
    $1600 23
hyperlinks

Lisa
    $1600 4
[Chris's response was initially ruled incorrect. The ruling was reversed at the next Daily Double.]

macadam (tarmac accepted)

LisaChris
    $2000 26
[The end-of-round signal sounds.]

the Tet Offensive

Chris
    $2000 10
Peter Jackson

Stephanie
    $2000 15
a glider

Triple Stumper
    $2000 24
(Chris: What are bytes?)

packets

StephanieChris
    $2000 5
(Harold) Macmillan

Stephanie

Scores at the end of the Double Jeopardy! Round:

Lisa Stephanie Chris
$10,000 $12,600 $10,600

[wagering suggestions for these scores]

Final Jeopardy! Round responses

THE SEA
LisaWhat is the Norwegian?
$5,000
ChrisWhat is the Danish Sea
$10,599
StephanieWhat is the Greenland Sea
$10,000
the Norwegian Sea

Final scores:

Lisa Stephanie Chris
$15,000 $2,600 $1
3-day champion: $47,400 2nd place: $2,000 3rd place: $1,000

Game dynamics:

Coryat scores:

Lisa Stephanie Chris
$8,200 $12,600 $11,400
14 R
(including 1 DD),
2 W
10 R,
3 W
20 R
(including 1 DD),
5 W
(including 1 DD)

Combined Coryat: $32,200

[game clues] [game scores] [suggest correction]

Game tape date: 2007-08-21
The J! Archive is created by fans, for fans. Scraping, republication, monetization, and malicious use prohibited; this site may use cookies and collect identifying information. See terms. The Jeopardy! game show and all elements thereof, including but not limited to copyright and trademark thereto, are the property of Jeopardy Productions, Inc. and are protected under law. This website is not affiliated with, sponsored by, or operated by Jeopardy Productions, Inc. Join the discussion at JBoard.tv.